Artículos de crítica literaria y artística. (Record no. 187671)

MARC details
000 -LEADER
campo de control de longitud fija 00793nam a2200205 i 4500
001 - NÚMERO DE CONTROL
campo de control 187671
003 - IDENTIFICADOR DE NÚMERO DE CONTROL
campo de control ES-MaACL
005 - FECHA Y HORA DE LA ÚLTIMA TRANSACCIÓN
campo de control 20250822061909.0
008 - DATOS DE LONGITUD FIJA--INFORMACIÓN GENERAL
campo de control de longitud fija 180112s1940 sp |||| |dspa d
080 ## - NÚMERO DE LA CLASIFICACIÓN DECIMAL UNIVERSAL
Número de la Clasificación Decimal Universal 821.134.2-95"18"
100 1# - ENTRADA PRINCIPAL--NOMBRE DE PERSONA
Nombre de persona Larra, Mariano José de,
Fechas asociadas al nombre 1809-1837
9 (RLIN) 70287
245 10 - MENCIÓN DEL TÍTULO
Título Artículos de crítica literaria y artística.
Número de parte o sección de la obra II /
Mención de responsabilidad, etc. Larra ; prólogo y notas de José R. Lomba y Pedraja.
260 ## - PUBLICACIÓN, DISTRIBUCIÓN, ETC.
Lugar de publicación, distribución, etc. Madrid :
Nombre del editor, distribuidor, etc. Espasa-Calpe,
Fecha de publicación, distribución, etc. 1940.
300 ## - DESCRIPCIÓN FÍSICA
Extensión XXIX, [1], 272 p. ;
Dimensiones 19 cm.
490 1# - MENCIÓN DE SERIE
Mención de serie Clásicos castellanos ;
Designación de volumen o secuencia 52
700 1# - ENTRADA AGREGADA--NOMBRE PERSONAL
Nombre de persona Lomba y Predraja, José R.
9 (RLIN) 129039
830 00 - PUNTO DE ACCESO ADICIONAL DE SERIE-TÍTULO UNIFORME
Título uniforme Clásicos castellanos (Espasa-Calpe)
Designación de volumen o secuencia 52
9 (RLIN) 183802
852 ## - LOCALIZACIÓN
Ubicación ES-MaACL
Número de control de estantería L-32303
Nota libre .- Donat. herederos de la bibl. de Mª del Pilar Costa Palacín
Holdings
Estatus retirado Estado de pérdida Estado de daño No para préstamo Biblioteca de origen Biblioteca actual Ubicación en estantería Fecha de adquisición Fuente de adquisición Total de préstamos Signatura topográfica completa Código de barras Visto por última vez Precio de reemplazo Tipo de ítem Koha
        Biblioteca del Ateneo de Madrid Biblioteca del Ateneo de Madrid Depósito 2 15/01/2018     L-32303 1198252 23/02/2023 23/02/2023 Libro impreso